[Event "ACT-ch"]
[Site "Canberra"]
[Date "2015.03.09"]
[Round "6"]
[White "Johnston, Thomas"]
[Black "Butler, Brian J"]
[Result "1/2-1/2"]
[WhiteElo "1691"]
[BlackElo "1790"]
[PlyCount "49"]
[EventDate "2015.03.06"]
[EventType "swiss"]
[EventRounds "7"]
[EventCountry "AUS"]
[SourceTitle "CBM 165 Extra"]
[Source "ChessBase"]
[SourceDate "2015.04.21"]
[SourceVersion "1"]
[SourceVersionDate "2015.04.21"]
[SourceQuality "1"]

1. e4 e5 2. Nf3 Nc6 3. Bc4 Bc5 4. 0-0 Nf6 5. Nc3 d6 6. h3 Qe7 7. d3 h6 8. Be3 Bb6 9. Bxb6 axb6 10. Nd5 Nxd5 11. Bxd5 Be6 12. Bxe6 Qxe6 13. a3 0-0 14. Re1 f5 15. Nh4 Ne7 16. Qf3 f4 17. Nf5 Nxf5 18. exf5 Qxf5 19. Qxb7 f3 20. g4 Qd7 21. Re3 h5 22. Qd5+ Qf7 23. Qxf7+ Rxf7 24. Re4 hxg4 25. Rxg4 1/2-1/2